Elementary statistics : a brief version
ELEMENTARY STATISTICS: A STEP BY STEP APPROACH is for general beginning statistics courses with a basic algebra prerequisite. The book is non-theoretical, explaining concepts intuitively and teaching problem solving through worked examples and step-by-step instructions. This edition features increas...
Tallennettuna:
| Päätekijä: | |
|---|---|
| Aineistotyyppi: | Kirja |
| Kieli: | Undetermined |
| Julkaistu: |
Boston, MA.
McGraw-Hill Higher Education
2006
|
| Aiheet: | |
| Tagit: |
Lisää tagi
Ei tageja, Lisää ensimmäinen tagi!
|
| Thư viện lưu trữ: | Trung tâm Học liệu Trường Đại học Cần Thơ |
|---|
| LEADER | 01044nam a2200229Ia 4500 | ||
|---|---|---|---|
| 001 | CTU_130860 | ||
| 008 | 210402s9999 xx 000 0 und d | ||
| 020 | |c 77.19 | ||
| 082 | |a 519.5 | ||
| 082 | |b B658 | ||
| 100 | |a Bluman, Allan G. | ||
| 245 | 0 | |a Elementary statistics : | |
| 245 | 2 | |b a brief version | |
| 245 | 0 | |c Allan G. Bluman | |
| 260 | |a Boston, MA. | ||
| 260 | |b McGraw-Hill Higher Education | ||
| 260 | |c 2006 | ||
| 520 | |a ELEMENTARY STATISTICS: A STEP BY STEP APPROACH is for general beginning statistics courses with a basic algebra prerequisite. The book is non-theoretical, explaining concepts intuitively and teaching problem solving through worked examples and step-by-step instructions. This edition features increased emphasis on Excel, MINITAB, and the TI-83 Plus graphing calculator, computing technologies commonly used in such courses.This Book does not have the CD-Rom | ||
| 650 | |a Statistics | ||
| 650 | |x Textbooks | ||
| 904 | |i Minh, Trinh, Năm | ||
| 980 | |a Trung tâm Học liệu Trường Đại học Cần Thơ | ||